000 00318nam a2200133Ia 4500
100 _aSedov/L.I ed
942 _cBK
654 _aTheories
245 _aMicroscopic Theories Matter &Fields And Thermodynmic Approch
260 _bMir Publishers
_aMoscow
_c1983
082 _a621.4
300 _a263
546 _aENGLISH
999 _c33744
_d33744